00880nam a22002417a 4500001001000000003000500010005001700015008004100032010001000073011001000083035001100093040000900104100002800113245013000141260004100271300001100312502013100323650002700454650003300481650002800514650003000542856006600572000096423CHAP20220329143155.0061016d2006 mx r 00110 spa d a92889 a93861 a104442 cCHAP1 aPiedra Vargaz, Eriberto10aIdentificación de la oferta exportable de carne de bovino en el estado de Durango, México /c/por Eriberto Piedra Vargaz. aChapingo, Méx. :bEl autor,c2006. a100 h. aTesis (Lic. en Comercio Internacional de Productos Agropecuarios) - - UACH. División de Ciencias Económico Administrativas14aCarne de resxConsumo.14aCarne de resxExportación.14aCarne de resxMercadeo.14aGanado de carnexDurango. 3Finding aiduhttp://10.13.5.2/tesis/104442.pdfzTeclea aquí